000 01054nam a2200265 i 4500
001 bg
003 BPK
005 20210701095126.0
008 970510s1995 pl f |000 0 pol
015 _aPB 1995/4120
020 _a8386186747
040 _aWA N
_cBPK
080 _a657
080 _a(075.8)
245 0 0 _aRachunkowość :
_bzasady prowadzenia w jednostkach gospodarczych : według polskiego prawa bilansowego od 1995 roku : praca zbiorowa /
_cpod red. Teresy Kiziukiewicz ; [aut. rozdz. Waldemar Gos et al.].
260 _aWrocław :
_b"Ekspert",
_c1995.
300 _a307 s. ;
_c24 cm.
655 4 _aPodręczniki akademickie
650 4 _aRachunkowość
700 1 _aGos, Waldemar
_d(1964- )
_eAutor
_6Autor
710 2 _a Ekspert Wydawnictwo i Doradztwo z Zakresu Rachunkowości i Finansów, Marian Pałka
_4pbl.
700 1 _aKiziukiewicz, Teresa
_d(1947- )
_eRedakcja
856 4 1 _uhttp://koha.tu.koszalin.pl/cgi-bin/koha/opac-detail.pl?biblionumber=25274
_yKatalog online BPK
942 _2UKD
_cKS
999 _c25274
_d25274